Pôsobnosť vyšších územných celkov

Samosprávne kraje sú stabilnými jednotkami verejnej moci v štáte. Pôsobnosť vyšších územných celkov (VÚC) je východiskovým predpokladom pri formovaní koncepcií ekonomického, sociálneho a kultúrneho rozvoja regiónov, ktoré sú považované v politike EÚ za základ európskej integrácie. Skúsenosti z refor...

Descripción completa

Guardado en:
Detalles Bibliográficos
Autor principal: Palúš, Igor
Formato: Capítulo de libro
Lenguaje:eslovaco
Materias:
Etiquetas: Agregar Etiqueta
Sin Etiquetas, Sea el primero en etiquetar este registro!

MARC

LEADER 00000naa$a2200000$$$4500
001 0007473
005 20231016083412.1
041 0 |a slo 
044 |a SK 
245 1 0 |a Pôsobnosť vyšších územných celkov  |c aut. Igor Palúš 
520 |a Samosprávne kraje sú stabilnými jednotkami verejnej moci v štáte. Pôsobnosť vyšších územných celkov (VÚC) je východiskovým predpokladom pri formovaní koncepcií ekonomického, sociálneho a kultúrneho rozvoja regiónov, ktoré sú považované v politike EÚ za základ európskej integrácie. Skúsenosti z reformy verejnej správy vo vyspelých demokratických štátoch Európy - tri predpoklady, obsahové hľadisko, prenesená pôsobnosť. 
610 2 0 |a vyššie územné celky 
610 2 0 |a samospráva 
610 2 0 |a regióny 
610 2 0 |a rozvoj hospodársky 
610 2 0 |a rozvoj sociálny 
610 2 0 |a správa verejná 
610 2 0 |a reformy 
610 2 0 |a Európska únia 
100 1 |a Palúš, Igor